[Event "BCF-chT2 0708 (4NCL)"]
[Site "Sunningdale"]
[Date "2008.05.04"]
[Round "10.7"]
[White "Rosen, Daniel B"]
[Black "Baxter, Chris"]
[Result "1-0"]
[WhiteElo "2137"]
[BlackElo "1790"]
[PlyCount "95"]
[EventDate "2007.09.15"]
[EventType "team-tourn"]
[EventRounds "11"]
[EventCountry "ENG"]
[SourceTitle "EXT 2023"]
[Source "ChessBase"]
[SourceDate "2022.10.05"]
[SourceVersion "1"]
[SourceVersionDate "2022.10.05"]
[SourceQuality "1"]
[WhiteTeam "Poisoned Pawns"]
[BlackTeam "Cheddleton"]
[WhiteTeamCountry "ENG"]
[BlackTeamCountry "ENG"]

1. e4 d6 2. d4 Nf6 3. Nc3 Nbd7 4. Bd3 e5 5. Nge2 Be7 6. 0-0 0-0 7. h3 c6 8. Be3 Qc7 9. Ng3 g6 10. Qd2 Re8 11. f4 Bf8 12. dxe5 dxe5 13. f5 Bg7 14. Rf3 Kh8 15. Raf1 Qd6 16. Qf2 b5 17. Rd1 Qb4 18. Bc1 Qd4 19. Be3 Qb4 20. Rb1 Bb7 21. a3 Qf8 22. Rf1 Qd6 23. Rd1 Qf8 24. fxg6 fxg6 25. Be2 Qg8 26. Bxa7 Rf8 27. Be3 Qe6 28. Qe1 Rf7 29. Qd2 Bf8 30. Rdf1 Bc5 31. Bxc5 Nxc5 32. Qg5 Ncd7 33. R3f2 Raf8 34. h4 Qe8 35. h5 Nxh5 36. Rxf7 Rxf7 37. Rxf7 Qxf7 38. Nxh5 gxh5 39. Bxh5 Qf6 40. Qxf6+ Nxf6 41. Bf3 Kg7 42. Kf2 Kg6 43. Ke3 h5 44. b4 Kg5 45. a4 bxa4 46. Nxa4 Ba6 47. Nc5 h4 48. Nxa6 1-0

[Event "IECG CP.2002.P.00045 email"]
[Site "IECG email"]
[Date "2002.10.01"]
[Round "?"]
[White "Baxter, Chris"]
[Black "Lind, Anders"]
[Result "1-0"]
[WhiteElo "2040"]
[BlackElo "1159"]
[PlyCount "53"]
[EventDate "2002.10.01"]
[EventType "tourn (corr)"]
[EventRounds "6"]
[EventCountry "ENG"]
[SourceTitle "Corr 2008"]
[Source "ChessBase"]
[SourceDate "2008.06.24"]
[SourceVersion "1"]
[SourceVersionDate "2008.06.24"]
[SourceQuality "1"]

1. d4 Nf6 2. Nf3 g6 3. c4 Bg7 4. Nc3 0-0 5. e4 d6 6. h3 e5 7. d5 Na6 8. Bg5 Bd7 9. Be2 c5 10. g4 Rc8 11. Qd2 Qb6 12. Bxf6 Bxf6 13. g5 Be7 14. h4 Nb4 15. 0-0-0 f5 16. gxf6 Bxf6 17. h5 Be8 18. Rdg1 Bg7 19. hxg6 hxg6 20. Ng5 Bd7 21. Ne6 Rf6 22. Nxg7 Kxg7 23. Qh6+ Kf7 24. Qh7+ Ke8 25. Rxg6 Rxg6 26. Qh8+ Ke7 27. Rh7+ 1-0